00727nam a2200217 i 4500999001500000003000400015005001700019007000300036008004100039020001800080040002500098245010000123264003000223300001900253336002700272337003500299338002700334700003400361942001300395952010100408 c7349d7349OSt20210518134045.0ta210407s2021 sp r 000 0 spa d a9788491807681 aCDMRerdabcatcCDMR10aComunicación política digital en España : bdel "Pásalo" a Podemos y de Podemos a Vox / 1aBarcelona : bUOC, c2021 a238 pàgines  atextbtxt 2rdacontent asense mediacióbn 2rdamedia avolumbnc 2rdacarrier1 aAbramov, Konstantin Ivanovich 2udccMON 00104070aCDMRbCDMRd2021-05-18g24.00l0oCk 1/28pCDMR21051263r2021-05-18w2021-05-18yMON